01387nam a2200361Ia 4500001001200000003000800012006001900020007001500039008004100054020002500095020002200120040002100142035002100163050002400184082001900208100002400227245008000251260003500331300001100366490002500377504005100402533015200453600003400605610004000639650003700679650004100716650003600757651003400793655002900827710001700856830002600873856012600899ebr10424552CaPaEBRm u cr cn|||||||||091027s2010 enk sb 001 0beng d z9781845117283 (hbk.) z184511728X (hbk.) aCaPaEBRcCaPaEBR a(OCoLC)67042896214aDR88.D5bS83 2010eb04a949.9020922221 aStankova, Marietta.10aGeorgi Dimitrovh[electronic resource] :ba biography /cMarietta Stankova. aLondon :bI. B. Tauris,c2010. a273 p.1 aCommunist lives ;v3 aIncludes bibliographical references and index. aElectronic reproduction.bPalo Alto, Calif. :cebrary,d2011.nAvailable via World Wide Web.nAccess may be limited to ebrary affiliated libraries.10aDimitrov, Georgi,d1882-1949.20aCommunist InternationalvBiography. 0aCommunistszBulgariavBiography. 0aCommunistszSoviet UnionvBiography. 0aStatesmenzBulgariavBiography. 0aBulgariaxHistoryy1878-1944. 7aElectronic books.2local2 aebrary, Inc. 0aCommunist lives ;v3.40uhttp://site.ebrary.com/lib/rucke/Doc?id=10424552zAn electronic book accessible through the World Wide Web; click to view